| 000 | 00548nam a2200217Ia 4500 | ||
|---|---|---|---|
| 003 | OSt | ||
| 005 | 20220924134821.0 | ||
| 006 | a|||||r|||| 00| 0 | ||
| 007 | ta | ||
| 008 | 220923b |||||||| |||| 00| 0 ben d | ||
| 024 | _a287388 | ||
| 037 | _cTextual | ||
| 040 |
_aARTS _cARTS _bben |
||
| 041 |
_2ben _aben |
||
| 082 | _a7262.M, 157L6 | ||
| 100 |
_aDutta Narayan _9209320 |
||
| 245 | 0 | _aJan kompaneer bangali karamchari | |
| 260 | _c1976 | ||
| 942 |
_h7262.M, 157L6 _cTEXL _2CC |
||
| 999 |
_c438717 _d438717 |
||